<?xml version="1.0" encoding="UTF-8"?><?xml-stylesheet type="text/xsl" href="static/style.xsl"?><OAI-PMH xmlns="http://www.openarchives.org/OAI/2.0/" xmlns:xsi="http://www.w3.org/2001/XMLSchema-instance" xsi:schemaLocation="http://www.openarchives.org/OAI/2.0/ http://www.openarchives.org/OAI/2.0/OAI-PMH.xsd"><responseDate>2026-04-13T16:51:36Z</responseDate><request verb="GetRecord" identifier="oai:www.recercat.cat:2099.1/13147" metadataPrefix="marc">https://recercat.cat/oai/request</request><GetRecord><record><header><identifier>oai:recercat.cat:2099.1/13147</identifier><datestamp>2025-07-22T23:04:26Z</datestamp><setSpec>com_2072_1033</setSpec><setSpec>col_2072_452951</setSpec></header><metadata><record xmlns="http://www.loc.gov/MARC21/slim" xmlns:dcterms="http://purl.org/dc/terms/" xmlns:xsi="http://www.w3.org/2001/XMLSchema-instance" xmlns:doc="http://www.lyncode.com/xoai" xsi:schemaLocation="http://www.loc.gov/MARC21/slim http://www.loc.gov/standards/marcxml/schema/MARC21slim.xsd">
   <leader>00925njm 22002777a 4500</leader>
   <datafield ind2=" " ind1=" " tag="042">
      <subfield code="a">dc</subfield>
   </datafield>
   <datafield ind2=" " ind1=" " tag="720">
      <subfield code="a">Alcántara Pérez, Juan Carlos</subfield>
      <subfield code="e">author</subfield>
   </datafield>
   <datafield ind2=" " ind1=" " tag="260">
      <subfield code="c">2011-06-15</subfield>
   </datafield>
   <datafield ind2=" " ind1=" " tag="520">
      <subfield code="a">L’objecte del present projecte és definir les característiques generals bàsiques,&#xd;
disseny, càlcul i dimensionat de la instal·lació elèctrica corresponent a un d’un&#xd;
equipament d’un centre cultural, d’acord a la normativa vigent.&#xd;
Aquest equipament per l’ús que se li donarà, està considerat un local de pública&#xd;
concurrència d’espectacles i activitats recreatives, per la qual cosa s’ha tingut en&#xd;
compte la normativa aplicable per aquest tipus d’ús.&#xd;
L’equipament està ubicat al local de la planta baixa i primera d’un conjunt de dos&#xd;
blocs d’habitatges.&#xd;
El projecte disposa d’una memòria on s’especifiquen les característiques bàsiques&#xd;
de la instal·lació elèctrica i es complementa amb uns annexos on queden&#xd;
reflectits els càlculs justificatius de disseny i els plànols on s’indiquen la&#xd;
distribució i posició de tots els elements objecte d’aquest projecte.&#xd;
Com a complement al present projecte s’ha realitzat el disseny i dimensionat&#xd;
d’una xarxa de veu i dades, i un sistema contra intrusió.</subfield>
   </datafield>
   <datafield tag="653" ind2=" " ind1=" ">
      <subfield code="a">Àrees temàtiques de la UPC::Energies::Energia elèctrica</subfield>
   </datafield>
   <datafield tag="653" ind2=" " ind1=" ">
      <subfield code="a">Electric wiring</subfield>
   </datafield>
   <datafield tag="653" ind2=" " ind1=" ">
      <subfield code="a">Instal·lacions elèctriques</subfield>
   </datafield>
   <datafield ind2="0" ind1="0" tag="245">
      <subfield code="a">Projecte de la instal·lació elèctrica d'un centre cultural</subfield>
   </datafield>
</record></metadata></record></GetRecord></OAI-PMH>